| 000 | 00478nam a2200181Ia 4500 | ||
|---|---|---|---|
| 001 | 13012 | ||
| 005 | 20260306163022.0 | ||
| 008 | 260306t2010||||xx |||||||||||||| ||spa|| | ||
| 041 | _aESP | ||
| 082 |
_aRD 657.03 _bC77 |
||
| 100 |
_aCooper, William W. [comp.] _eAUT |
||
| 245 | 0 |
_aDiccionario kohler para contadores: _bespañol-inglés inglés-español |
|
| 260 | _c2010 | ||
| 300 |
_a988 páginas : _c24 cm. |
||
| 650 | _aGEN | ||
| 654 | _aCCO | ||
| 942 |
_cDIC _dJUS _fJUS _2ddc _n |
||
| 999 |
_c13012 _d13012 |
||